<?xml version="1.0" encoding="UTF-8"?><?xml-stylesheet type="text/xsl" href="static/style.xsl"?><OAI-PMH xmlns="http://www.openarchives.org/OAI/2.0/" xmlns:xsi="http://www.w3.org/2001/XMLSchema-instance" xsi:schemaLocation="http://www.openarchives.org/OAI/2.0/ http://www.openarchives.org/OAI/2.0/OAI-PMH.xsd"><responseDate>2026-04-13T14:24:04Z</responseDate><request verb="GetRecord" identifier="oai:www.recercat.cat:10256/17654" metadataPrefix="marc">https://recercat.cat/oai/request</request><GetRecord><record><header><identifier>oai:recercat.cat:10256/17654</identifier><datestamp>2024-06-18T11:53:44Z</datestamp><setSpec>com_2072_452955</setSpec><setSpec>com_2072_2054</setSpec><setSpec>col_2072_452959</setSpec><setSpec>col_2072_453077</setSpec></header><metadata><record xmlns="http://www.loc.gov/MARC21/slim" xmlns:dcterms="http://purl.org/dc/terms/" xmlns:xsi="http://www.w3.org/2001/XMLSchema-instance" xmlns:doc="http://www.lyncode.com/xoai" xsi:schemaLocation="http://www.loc.gov/MARC21/slim http://www.loc.gov/standards/marcxml/schema/MARC21slim.xsd">
   <leader>00925njm 22002777a 4500</leader>
   <datafield ind2=" " ind1=" " tag="042">
      <subfield code="a">dc</subfield>
   </datafield>
   <datafield ind2=" " ind1=" " tag="720">
      <subfield code="a">Acuña i Salazar, Vicenç</subfield>
      <subfield code="e">author</subfield>
   </datafield>
   <datafield ind2=" " ind1=" " tag="720">
      <subfield code="a">Jorda Capdevila, Dídac</subfield>
      <subfield code="e">author</subfield>
   </datafield>
   <datafield ind2=" " ind1=" " tag="720">
      <subfield code="a">Gampe, David</subfield>
      <subfield code="e">author</subfield>
   </datafield>
   <datafield ind2=" " ind1=" " tag="720">
      <subfield code="a">Huber García, Verena</subfield>
      <subfield code="e">author</subfield>
   </datafield>
   <datafield ind2=" " ind1=" " tag="720">
      <subfield code="a">Ludwig, Ralf Peter</subfield>
      <subfield code="e">author</subfield>
   </datafield>
   <datafield ind2=" " ind1=" " tag="720">
      <subfield code="a">Sabater, Sergi</subfield>
      <subfield code="e">author</subfield>
   </datafield>
   <datafield ind2=" " ind1=" " tag="720">
      <subfield code="a">Vergoñós Pascual, Laura</subfield>
      <subfield code="e">author</subfield>
   </datafield>
   <datafield ind2=" " ind1=" " tag="260">
      <subfield code="c">2019-02-15</subfield>
   </datafield>
   <datafield ind2=" " ind1=" " tag="520">
      <subfield code="a">Global change is severely impacting the biosphere that, through ecosystem services, sustains human well-being. Such impacts are expected to increase unless mitigation management actions are implemented. Despite the call from the scientific and political arenas for their implementation, few studies assess the effectiveness of actions on freshwater-related services. Here, by modeling water provisioning, water purification and erosion control under current and future conditions, we assess future trends of service provision with and without mitigation policies. In particular, two different storylines combine multiple climate, land use/land cover and agricultural management scenarios, and represent a pro-efficiency business as usual (myopic storyline) and a future that considers social and environmental sustainability (sustainable storyline). The mentioned services are modeled for the horizon 2050 and in three South European river basins: Ebro, Adige and Sava, which encompass the wide socio-environmental diversity of the region.&#xd;
&#xd;
Our results indicate that Mediterranean basins (Ebro) are extremely vulnerable to global change respect Alpine (Adige) or Continental (Sava) basins, as the Ebro might experience a decrease in water availability up to 40%, whereas the decrease is of only 2–4% in the Adige or negligible in the Sava. However, Mediterranean basins are also more sensitive to the implementation of mitigation actions, which would compensate the drop in water provisioning. Results also indicate that the regulating services of water purification and erosion control will gain more relevance in the future, as both services increased between 4 and 20% in both global change scenarios as a result of the expansion of agricultural and urban areas. Overall, the impact of global change is diverse among services and across river basins in Southern Europe, with the Mediterranean basins as the most vulnerable and the Continental as the least. The implementation of mitigation actions can compensate the impact and therefore deserves full political attention</subfield>
   </datafield>
   <datafield ind1="8" ind2=" " tag="024">
      <subfield code="a">http://hdl.handle.net/10256/17654</subfield>
   </datafield>
   <datafield tag="653" ind2=" " ind1=" ">
      <subfield code="a">Canvis climàtics -- Mitigació</subfield>
   </datafield>
   <datafield tag="653" ind2=" " ind1=" ">
      <subfield code="a">Climate change mitigation</subfield>
   </datafield>
   <datafield tag="653" ind2=" " ind1=" ">
      <subfield code="a">Ecologia d'aigua dolça</subfield>
   </datafield>
   <datafield tag="653" ind2=" " ind1=" ">
      <subfield code="a">Freshwater ecology</subfield>
   </datafield>
   <datafield ind2="0" ind1="0" tag="245">
      <subfield code="a">Impact and mitigation of global change on freshwater-related ecosystem services in Southern Europe</subfield>
   </datafield>
</record></metadata></record></GetRecord></OAI-PMH>